The FORESTS : national atlas of Sweden

Bibliographic Details
Other Authors: Nilsson
Format: Book
Published: Stockholm : SNA Pub. , 1990
Subjects:

MARC

LEADER 00000cam a2200000 7i4500
001 0000001944
005 20020711.0
020 0 0 |a 9187760061 
090 0 0 |a R634.909485   |b FOR 1990 
245 0 4 |a The FORESTS :   |b national atlas of Sweden   |c special editor Nils-Erik Nilsson 
260 0 0 |a Stockholm :   |b SNA Pub. ,   |c 1990 
300 |a 144p. :   |b col. ill., maps ;   |c 35 cm. 
650 0 0 |a Forests and forestry   |z Sweden 
700 0 1 |a Nilsson   |h Nils-Erik 
998 |a JPSM 
999 |a 0000003373   |b Monograph   |c Reference   |e Default branch